000 00464nam a2200157Ia 4500
008 160316s1998 xxu||||| |||| 00| 0 eng d
082 _a331.310000
_bCAC
100 _a
245 _aA report of the state level covention on liberation of child labourers - To liberate child labourers the Mysore pledge
250 _a
260 _aMysore
_bCampaing Against Child Labour
_c1998
300 _a47
_b
_c
365 _b
650 _a1. child labour
700 _a
_a
999 _c33933
_d33933